Top 10 fashion brands in the Vogue Business Index 2023 - Statistics

General Stats
  • This quiz has been taken 85 times
  • The average score is 6 of 10
Answer Stats
Answer % Correct
5 Chanel
90%
1 Louis Vuitton
90%
3 Gucci
88%
2 Dior
84%
8 Prada
81%
7 Hermès
61%
4 Yves Saint Laurent
45%
6 Burberry
42%
10 Fendi
42%
9 Ralph Lauren
23%
No matching quizzes found
Score Distribution
Percent of People with Each Score
Percentile by Number Answered
Your Score History
You have not taken this quiz